Origins of postmodernity (Record no. 394682)

MARC details
000 -LEADER
fixed length control field 00454 a2200181 4500
005 - DATE & TIME
control field 20260314094725.0
008 - FIXED-LENGTH DATA ELEMENTS--GENERAL INFORMATION
fixed length control field 260313b |||||||| |||| 00| 0 eng d
020 ## - ISBN
International Standard Book Number 9789350022320
Price Rs. 325.00
040 ## - CATALOGING SOURCE
Original cataloging agency VIVEKANANDA LIBRARY
082 ## - DDC NUMBER
Classification number 149.97
Book Number A23O
100 ## - MAIN ENTRY--PERSONAL NAME
Personal name Anderson, Perry
245 ## - TITLE STATEMENT
Title Origins of postmodernity
260 ## - PUBLICATION, DISTRIBUTION, ETC. (IMPRINT)
Name of publisher, distributor, etc Aakar Books
Place of publication, distribution, etc Delhi
Date of publication, distribution, etc 2013
300 ## - PHYSICAL DESCRIPTION
Pages vii, 143
650 ## - Subject
Subject Postmodernism
650 ## - Subject
Subject Philosophy Systems
942 ## - ADDED ENTRY ELEMENTS (KOHA)
Koha item type Books
Holdings
Withdrawn status Lost status Source of classification or shelving scheme Damaged status Not for loan Location (home branch) Sublocation or collection (holding branch) Shelving location Date acquired Koha issues (times borrowed) Koha full call number Accession No. Koha date last seen Koha item type
    Dewey Decimal Classification     VIVEKANANDA LIBRARY VIVEKANANDA LIBRARY Vivekananda Library 18/02/2026   149.97 A23O 438461 18/02/2026 Books
© Designed and Maintained by Vivekananda Library, MDU Rohtak